00905cam a22002291 4500001001300000003000400013005001700017008004100034010001700075035001900092040001800111042001200129050002700141082001600168100003200184245011200216260007100328300002200399410005500421501016200476650003700638e 52000047 DLC20260227111234.0800314s1952 dcu 000 0 eng  ae 52000047  a(OCoLC)6083944 aDLCcMsUdDLC apremarc00aL111b.A6 1952, no. 19 a371.33388071 aJewett, Arno Joseph,d1907-10aRecordings for teaching literature and language in the high school, including a bibliography of 500 titles. a[Washington]bFederal Security Agency, Office of Educationc[1952] aiv, 71 p.c23 cm.20aU.S. Office of Education.tBulletin,v1952, no. 19 aWith: Schools at work in 48 States / United States. Office of Education. Washington : Govt. Print. Off., 1952. Bound together subsequent to publication.5DLC 0aEnglish literaturevDiscography.